| 000 | 00671nam a2200121Ia 4500 | ||
|---|---|---|---|
| 008 | 220620s9999||||xx |||||||||||||| ||und|| | ||
| 100 | _aEngelmann, Jörn||Beyerlein, Michael||Schüz, Almut||Mishra, R||Mishra, Anurag||Dhingra, K||Logothetis, Nikos K.||Canals, Santiago | ||
| 245 | 0 | _aChapter Biocytin-Based Contrast Agents for Molecular Imaging: An Approach to Developing New In Vivo Neuroanatomical Tracers for MRI | |
| 546 | _aEnglish[eng] | ||
| 650 | _aEarth sciences, geography, environment, planning | ||
| 856 | _uhttps://library.oapen.org/bitstream/20.500.12657/49040/1/28792.pdf||https://library.oapen.org/bitstream/20.500.12657/49040/1/28792.pdf | ||
| 942 | _cEB | ||
| 999 |
_c22781 _d22781 |
||